| 000 | 00618cam a22002291 4500 | ||
|---|---|---|---|
| 001 | sa 66001473 | ||
| 003 | DLC | ||
| 005 | 20260227112222.0 | ||
| 008 | 770330s1965 th d 000 0 eng | ||
| 010 | _asa 66001473 | ||
| 035 | _a(OCoLC)2847487 | ||
| 040 |
_aDLC _cNcRS _dNcRS _dOCoLC _dDLC |
||
| 041 | 0 | _aengtha | |
| 042 | _apremarc | ||
| 050 | 0 | 0 |
_aPL4187 _b.S6 1965 |
| 100 | 0 | _aSo Sethaputra. | |
| 245 | 1 | 0 | _aNew model Thai-English dictionary. |
| 250 | _a[1st] library ed. | ||
| 260 |
_aSamud Prakan, Thailand _c[1965] |
||
| 300 |
_a2 v. (1328 p.) _c27 cm. |
||
| 650 | 0 |
_aEnglish language _xDictionaries _xThai. |
|
| 999 |
_c67835 _d67835 |
||